Normal view
MARC view
Entry Topical Term
001 - CONTROL NUMBER
- control field: 32425
003 - CONTROL NUMBER IDENTIFIER
- control field: ARRUPE
005 - DATE AND TIME OF LATEST TRANSACTION
- control field: 20170612084715.0
008 - FIXED-LENGTH DATA ELEMENTS
- fixed length control field: 170612|| aca||aabn | a|a d
040 ## - CATALOGING SOURCE
- Original cataloging agency: ARRUPE
- Transcribing agency: ARRUPE
150 ## - HEADING--TOPICAL TERM
- Topical term or geographic name as entry element: Woman-to-woman marriage
- Geographic subdivision: Nigeria.
670 ## - SOURCE DATA FOUND
- Source citation: Work cat.: (ARRUPE)3556: Amadiume, Ifi, 1947- 32423, Male daughters, female husbands :, 1987.